CBI/GVA Grimley survey of property trends (Record no. 106493)
[ view plain ]
| 000 -LEADER | |
|---|---|
| fixed length control field | 01464cam a2200241 4500 |
| 001 - CONTROL NUMBER | |
| control field | L136738 |
| 008 - FIXED-LENGTH DATA ELEMENTS--GENERAL INFORMATION | |
| fixed length control field | 070220n2007 000 0 eng u |
| 035 ## - SYSTEM CONTROL NUMBER | |
| System control number | (Sirsi) u136738 |
| 041 0# - LANGUAGE CODE | |
| Language code of text/sound track or separate title | eng |
| 050 ## - LIBRARY OF CONGRESS CALL NUMBER | |
| Classification number | 332.6324 $2 18 |
| 110 2# - MAIN ENTRY--CORPORATE NAME | |
| Corporate name or jurisdiction name as entry element | GVA Grimley |
| 9 (RLIN) | 3646 |
| 245 00 - TITLE STATEMENT | |
| Title | CBI/GVA Grimley survey of property trends |
| Remainder of title | winter 2006/07 |
| Medium | [electronic resource] |
| 260 ## - PUBLICATION, DISTRIBUTION, ETC. | |
| Place of publication, distribution, etc. | London |
| Name of publisher, distributor, etc. | GVA Grimley |
| Date of publication, distribution, etc. | 2007 |
| 490 #0 - SERIES STATEMENT | |
| Series statement | CBI/GVA Grimley Survey of Property Trends |
| 505 ## - FORMATTED CONTENTS NOTE | |
| Formatted contents note | Change in property occupied -- Change in property demand by sector -- Capital expenditure on property -- Business optimism -- Business output -- Employment change. |
| 520 ## - SUMMARY, ETC. | |
| Summary, etc. | Six-monthly survey of private companies in all sectors of the economy. Shows healthy output growth, employment growth and business optimism, together with a high degree of certainty about demand. Against this background, the commercial property occupier market has been relatively strong, with robust demand for retail property and rising demand in the office sector. Overall, the survey suggests a pick-up in property demand, over the last six months, with further strengthening over the next six months. |
| 590 ## - LOCAL NOTE (RLIN) | |
| Local note | KA NTK |
| 650 24 - SUBJECT ADDED ENTRY--TOPICAL TERM | |
| Topical term or geographic name entry element | CBI/GVA GRIMLEY SURVEY OF PROPERTY TRENDS |
| 651 #4 - SUBJECT ADDED ENTRY--GEOGRAPHIC NAME | |
| Geographic name | United Kingdom |
| Chronological subdivision | |
| 690 ## - LOCAL SUBJECT ADDED ENTRY--TOPICAL TERM (OCLC, RLIN) | |
| Topical term or geographic name as entry element | PROPERTY-COMMERCIAL PROPERTY-COMMERCIAL PROPERTY MARKET |
| 856 40 - ELECTRONIC LOCATION AND ACCESS | |
| Uniform Resource Identifier | <a href="https://www.gvagrimley.co.uk/x3593.xml">https://www.gvagrimley.co.uk/x3593.xml</a> |
| Public note | View the report free of charge at www.gvagrimley.co.uk... |
| 942 ## - ADDED ENTRY ELEMENTS (KOHA) | |
| Suppress in OPAC | 0 |
| Withdrawn status | Lost status | Source of classification or shelving scheme | Damaged status | Not for loan | Home library | Current library | Shelving location | Date acquired | Total Checkouts | Full call number | Barcode | Date last seen | Copy number | Price effective from | Koha item type |
|---|---|---|---|---|---|---|---|---|---|---|---|---|---|---|---|
| Dewey Decimal Classification | Virtual | Virtual | Online | 20/02/2007 | ONLINE PUBLICATION | 136738-1001 | 06/08/2019 | 1 | 06/08/2019 | Book |